Online
Catalog

Lilís ; (Record no. 14797)

MARC details
000 -CABECERA
campo de control de longitud fija 02610nam a2200385 i 4500
001 - NÚMERO DE CONTROL
campo de control 000015228
003 - IDENTIFICADOR DEL NÚMERO DE CONTROL
campo de control DO-SdBNP
005 - FECHA Y HORA DE LA ÚLTIMA TRANSACCIÓN
campo de control 20250613100439.0
007 - CAMPO FIJO DE DESCRIPCIÓN FÍSICA--INFORMACIÓN GENERAL
campo de control de longitud fija ta
008 - DATOS DE LONGITUD FIJA--INFORMACIÓN GENERAL
campo de control de longitud fija 100203s2000 dr 001 0 spa d
020 ## - NÚMERO INTERNACIONAL ESTÁNDAR DEL LIBRO
Número Internacional Estándar del Libro 9993401587
040 ## - FUENTE DE LA CATALOGACIÓN
Centro catalogador/agencia de origen DO-SdBNP
Lengua de catalogación spa
Centro/agencia transcriptor BNPHU
Normas de descripción rda
082 #4 - NÚMERO DE LA CLASIFICACIÓN DECIMAL DEWEY
Número de clasificación 923.17293
Número de documento/Ítem H549L 2000
Número de edición 22
100 1# - ENTRADA PRINCIPAL--NOMBRE DE PERSONA
Nombre de persona Díaz, Vigil,
Fechas asociadas al nombre 1880-1961
Término indicativo de función/relación autor
Código de función/relación aut.
9 (RLIN) 22114
245 10 - MENCIÓN DE TÍTULO
Título Lilís ;
Resto del título El tirano Ulises Heureaux, o, Veinte años de historia tenebrosa de América /
Mención de responsabilidad, etc. Vigil Díaz, Horacio Blanco Fombona ; presentación Julio Genaro Campillo Pérez.
246 13 - FORMA VARIANTE DE TÍTULO
Título propio/Titulo breve Veinte años de historia tenebrosa de América
250 ## - MENCIÓN DE EDICIÓN
Mención de edición Segunda edición
264 ## - PRODUCCIÓN, PUBLICACIÓN, DISTRIBUCIÓN, FABRICACIÓN Y COPYRIGHT
Producción, publicación, distribución, fabricación y copyright Santo Domingo :
Nombre del de productor, editor, distribuidor, fabricante Ediciones Librería La Trinitaria,
Fecha de producción, publicación, distribución, fabricación o copyright 2000.
300 ## - DESCRIPCIÓN FÍSICA
Extensión 199 páginas ;
Dimensiones 22 cm.
336 ## - TIPO DE CONTENIDO
Término de tipo de contenido texto
Código de tipo de contenido txt
Fuente rdacontent
337 ## - TIPO DE MEDIO
Nombre/término del tipo de medio sin mediación
Código del tipo de medio n
Fuente rdamedia
338 ## - TIPO DE SOPORTE
Nombre/término del tipo de soporte volumen
Código del tipo de soporte nc
Fuente rdacarrier
490 0# - MENCIÓN DE SERIE
Mención de serie Ediciones Librería La Trinitaria ;
Designación de volumen o secuencia 52
501 ## - NOTA DE "CON"
Nota de “Con” Publicado con : El tirano Ulises Heureaux, o, Veinte años de historia tenebrosa de América /Horacio Blanco Fombona.
505 0# - NOTA DE CONTENIDO CON FORMATO
Nota de contenido con formato Presentación de una nueva edición /
Mención de responsabilidad Dr Julio Genaro Campillo Pérez --
Título El tirano Ulises Heureaux /
Mención de responsabilidad Horacio Blanco Fombona --
Título Liminar --
-- Infancia y adolescencia del tirano --
-- El oficial luperonista --
-- En la primera magistratura --
-- Los fusilamientos --
-- Anécdotas que lo revelan --
-- Lilís y la independencia de Cuba --
-- Retrato de Lilís --
-- El aventurero financista en la política hispanoamericana --
-- Carta de amor de Lilís a una dama francesa --
-- La muerte del tirano --
-- Orígenes del código de la muerte --
-- El Código de la Muerte.
505 0# - NOTA DE CONTENIDO CON FORMATO
Información miscelánea Lilís /
Mención de responsabilidad Vigil Díaz --
Título Al lector --
-- El Cabao --
-- El combate --
-- De los seis años --
-- Un calambur --
-- La revolución de Moya --
-- Una vocación frustrada --
-- El fiao --
-- El general Cuyaya --
-- Las píldoras de Zocoto --
-- La espada de honor --
-- La prudencia --
-- El araguato --
-- El tramojo --
-- Un consejo --
-- Una fábrica de sombreros --
-- No meneallo --
-- Una caldera --
-- Un cochero --
-- El General Barba Cufá --
-- ¿Expedición punitiva? --
-- El último viaje.
563 ## - NOTA DE ENCUADERNACIÓN
Nota de encuadernación Dos obras encuadernadas juntas con paginación contínua.
590 ## - NOTA LOCAL (RLIN)
Nota local Inventariado, 2020/VM
600 14 - PUNTO DE ACCESO ADICIONAL DE MATERIA--NOMBRE DE PERSONA
Nombre de persona Heureaux, Ulises
Fechas asociadas al nombre 1845-1899
Subdivisión de forma Anécdotas, chistes, sátiras etc.
9 (RLIN) 34051
651 #0 - PUNTO DE ACCESO ADICIONAL DE MATERIA--NOMBRE GEOGRÁFICO
Nombre geográfico República Dominicana --
Subdivisión general Historia --
Subdivisión cronológica 1844-1930
9 (RLIN) 1009
700 1# - PUNTO DE ACCESO ADICIONAL--NOMBRE DE PERSONA
Nombre de persona Blanco Fombona, Horacio,
Fechas asociadas al nombre 1989-1948
Título de la obra El tirano Ulises Heureaux
9 (RLIN) 34470
700 1# - PUNTO DE ACCESO ADICIONAL--NOMBRE DE PERSONA
Nombre de persona Campillo Pérez, Julio Genaro
9 (RLIN) 13954
910 ## - DATOS DE OPCIÓN DEL USUARIO (OCLC)
Datos de opción del usuario Validado. Control de calidad EMS
942 ## - ELEMENTOS DE PUNTO DE ACCESO ADICIONAL (KOHA)
Fuente del sistema de clasificación o colocación Dewey Decimal Classification
Tipo de ítem Koha Libro
Holdings
Estado de retiro Estado de pérdida Fuente del sistema de clasificación o colocación Restricciones de uso No para préstamo Código de colección Localización permanente Ubicación/localización actual Ubicación en estantería Fecha de adquisición Total de préstamos Signatura topográfica completa Código de barras Fecha visto por última vez Número de copia Precio válido a partir de Tipo de ítem Koha
    Dewey Decimal Classification Excluido de préstamo   Dominicana de Servicio Biblioteca Nacional Pedro Henríquez Ureña Biblioteca Nacional Pedro Henríquez Ureña Depósito 03.02.2010   BNPHU DS 923.17293 H549L 2000 15228-30 25.06.2020 e.3 25.06.2020 Libro
    Dewey Decimal Classification Préstamo en sala   Dominicana de Servicio Biblioteca Nacional Pedro Henríquez Ureña Biblioteca Nacional Pedro Henríquez Ureña Depósito 03.02.2010   BNPHU DS 923.17293 H549L 2000 15228-40 25.06.2020 e. 4 25.06.2020 Libro
  Extraviado Dewey Decimal Classification Préstamo en sala   Dominicana de Servicio Biblioteca Nacional Pedro Henríquez Ureña Biblioteca Nacional Pedro Henríquez Ureña Extraviado 03.02.2010   BNPHU DS 923.17293 H549L 2000 15228-50 25.06.2020 e.5 25.06.2020 Libro
    Dewey Decimal Classification Excluido de préstamo   Patrimonio Dominicano Biblioteca Nacional Pedro Henríquez Ureña Biblioteca Nacional Pedro Henríquez Ureña Depósito 03.02.2010   BNPHU PD 923.17293 H549L 2000 15228-10 25.06.2020   25.06.2020 Libro
    Dewey Decimal Classification Excluido de préstamo   Patrimonio Dominicano Biblioteca Nacional Pedro Henríquez Ureña Biblioteca Nacional Pedro Henríquez Ureña Depósito 03.02.2010   BNPHU PD 923.17293 H549L 2000 15228-20 25.06.2020 e.2 25.06.2020 Libro

Powered by Koha